| Tag |
First Indicator |
Second Indicator |
Subfields |
| LEADER |
00000cgm a2200000Ia 4500 |
| 001 |
in00002593021 |
| 005 |
20220802130218.0 |
| 007 |
vd cvaizq |
| 008 |
100723p20102009xxu924 vleng d |
| 020 |
|
|
|a 1419890980
|
| 020 |
|
|
|a 9781419890987
|
| 024 |
1 |
|
|a 883929101344
|
| 028 |
4 |
2 |
|a 1000116766
|b Warner Home Video
|
| 028 |
4 |
2 |
|a 2000041188
|b Warner Home Video
|
| 028 |
4 |
2 |
|a 2000041189
|b Warner Home Video
|
| 028 |
4 |
2 |
|a 2000040072
|b Warner Home Video
|
| 028 |
4 |
2 |
|a 2000040073
|b Warner Home Video
|
| 028 |
4 |
2 |
|a 2000040074
|b Warner Home Video
|
| 035 |
|
|
|a (OCoLC)ocn649846195
|
| 035 |
|
|
|a (OCoLC)649846195
|
| 037 |
|
|
|b Midwest Tape
|n http://www.midwesttapes.com
|
| 040 |
|
|
|a TEFMT
|c TEFMT
|d TEFMT
|d TEF
|d UtOrBLW
|
| 041 |
1 |
|
|a eng
|j eng
|j fre
|j por
|j spa
|h eng
|
| 049 |
|
|
|a TXAM
|
| 082 |
0 |
4 |
|a 791.45/75
|2 22
|
| 090 |
|
|
|a PN1992.77.O54
|b .O547 2010
|
| 130 |
0 |
|
|a One Tree Hill (Television program).
|n Season 7.
|
| 245 |
1 |
0 |
|a One Tree Hill.
|n The complete seventh season /
|c Mastermind Laboratories ; Tollin/Robbins Productions ; Warner Bros. Television ; created by Mark Schwahn.
|
| 246 |
3 |
|
|a One Tree Hill.
|n Season 7
|
| 264 |
|
2 |
|a Burbank, CA :
|b Distributed by Warner Home Video,
|c 2010.
|
| 300 |
|
|
|a 5 videodiscs (924 min.) :
|b sound, color ;
|c 4 3/4 in.
|
| 336 |
|
|
|a two-dimensional moving image
|b tdi
|2 rdacontent
|
| 337 |
|
|
|a video
|b v
|2 rdamedia
|
| 338 |
|
|
|a videodisc
|b vd
|2 rdacarrier
|
| 538 |
|
|
|a DVD, widescreen region 1.
|
| 546 |
|
|
|a English dialogue with opotional subtitles in French, Portuguese and Spanish. English subtitles for the deaf and hard of hearing.
|
| 500 |
|
|
|a Title from container.
|
| 511 |
1 |
|
|a James Lafferty, Bethany Joy Galeotti, Sophia Bush, Austin Nichols, Robert Buckley, Shantel Vansanten, Jackson Brudage, Lee Norris, Antwon Tanner, Jana Kramer, Lisa Goldstein and Paul Johansson.
|
| 520 |
|
|
|a The journeys of those who hail from the town of Tree Hill have been vast, from Nathan and Haley's first kiss to marriage, a son and, most recently, Nathan's return to the basketball court. Now in its seventh season, One Tree Hill continues to explore the journeys of its beloved characters, while seamlessly introducing new favorites. As the series jumps ahead 14 months, these new relationships infuse the history and change the lives of those who live there.
|
| 505 |
0 |
0 |
|g Disc one.
|g Episode 1:
|t 4:30 AM (apparently they were traveling abroad) /
|r written by Mark Schwahn ; directed by Clark Mathis --
|g Episode 2:
|t What are you willing to lose /
|r written by Mark Schwahn ; directed by Les Butler --
|g Episode 3:
|t Hold my hand as I am lowered /
|r written by Marc Schwahn ; directed by Liz Friedlander --
|g Episode 4:
|t Believe me, I'm lying /
|r written by John a Norris ; directed by Greg prange --
|g Episode 5:
|t Your cheatin' heart /
|r written by Mike Herro & David Strauss ; directed by Peter B. Kowalski.
|
| 505 |
0 |
0 |
|g Disc two.
|g Episode 6:
|t Deep ocean vast sea /
|r written by Mike Daniels ; directed by Janice Cooke --
|g Episode 7:
|t I and love and you /
|r written by Mark Schwahn ; directed by James Lafferty --
|g Episode 8:
|t I just died in your arms tonight /
|r written by Terrence Coli ; directed by Michael J. Leone --
|g Episode 9:
|t Now you lift your eyes to the sun /
|r written by Karin Gist ; directed by Sophia Bush --
|g Episode 10:
|t You are a runner and I am my father's son /
|r written by Mark Schwahn ; directed by Paul Johansson.
|
| 505 |
0 |
0 |
|g Disc three.
|g Episode 11:
|t You know I love you, don't you? /
|r written by William H. Brown ; directed by Greg Prange --
|g Episode 12:
|t Some roads lead nowhere /
|r written by Mark Schwahn ; directed by Mark Schwahn --
|g Episode 13:
|t Weeks go by like days /
|r written by Karin Gist ; directed by Joe Davola --
|g Episode 14:
|t Family affair /
|r written by Mike Herro & David Strauss ; directed by Paul Johansson --
|g Episode 15:
|t Don't you forget about me /
|r written by Terrence Coli ; directed by Les Butler.
|
| 505 |
0 |
0 |
|g Disc four.
|g Episode 16:
|t My attendance is bad but my intentions are good /
|r written by Nikki Schiefelbein ; directed by Jessica Landaw --
|g Episode 17:
|t At thebottom of everything /
|r written by John A. Norris ; directed by Bethany Joy Galeotti --
|g Episode 18:
|t The last day of our acquaintenance /
|r written by Mike Daniels ; directed by Joe Davola --
|g Episode 19:
|t Every picture tells a story /
|r written by William H. Brown ; directed by Chad Graves --
|g Episode 20:
|t Learning to fall /
|r written by Shaina Fewell & Renee Intlekofer ; directed by Greg Prange.
|
| 505 |
0 |
0 |
|g Disc five.
|g Episode 21:
|t What's in the ground belongs to you /
|r written by Mark Schwahn ; directed by Peter B. Kowalski --
|g Episode 22:
|t Almost everything I wish I'd said the last time I saw you /
|r written by Mark Schwahn ; directed by Mark Schwahn.
|
| 500 |
|
|
|a Special features: unaired scenes ; OTH--the directors debut ; commentary by creator, cast and crew ; gag reel.
|
| 500 |
|
|
|a Videorecording.
|
| 650 |
|
0 |
|a Brothers
|z North Carolina
|v Drama.
|
| 650 |
|
0 |
|a Man-woman relationships
|z North Carolina
|v Drama.
|
| 650 |
|
0 |
|a Reunions
|z North Carolina
|v Drama.
|
| 650 |
|
0 |
|a Cities and towns
|z North Carolina
|v Drama.
|
| 655 |
|
7 |
|a Television series.
|2 lcgft
|
| 655 |
|
7 |
|a Television programs.
|2 lcgft
|
| 655 |
|
7 |
|a Video recordings for the hearing impaired.
|2 lcgft
|
| 700 |
1 |
|
|a Schwahn, Mark.
|
| 700 |
1 |
|
|a Lafferty, James,
|d 1985-
|
| 700 |
1 |
|
|a Lenz, Joie,
|d 1981-
|
| 700 |
1 |
|
|a Bush, Sophia.
|
| 700 |
1 |
|
|a Nichols, Austin,
|d 1980-
|
| 700 |
1 |
|
|a Buckley, Robert.
|
| 700 |
1 |
|
|a VanSanten, Shantel,
|d 1985-
|
| 700 |
1 |
|
|a Brundage, Jackson.
|
| 700 |
1 |
|
|a Norris, Lee.
|
| 700 |
1 |
|
|a Tanner, Antwon.
|
| 700 |
1 |
|
|a Kramer, Jana.
|
| 700 |
1 |
|
|a Goldstein, Lisa.
|
| 700 |
1 |
|
|a Johansson, Paul.
|
| 710 |
2 |
|
|a Mastermind Laboratories (Firm)
|
| 710 |
2 |
|
|a Tollin/Robbins Productions.
|
| 710 |
2 |
|
|a Warner Bros. Television.
|
| 710 |
2 |
|
|a Warner Home Video (Firm)
|
| 994 |
|
|
|a C0
|b TXA
|
| 948 |
|
|
|a cataloged
|b h
|c 2010/8/19
|d c
|e blrosas
|f 1:33:44 pm
|
| 999 |
|
|
|a MARS
|
| 999 |
f |
f |
|s 2cecb63e-be5e-391c-96c5-534a75d373c2
|i d86f6358-1383-3d9e-a7ba-10576e3fed58
|t 0
|
| 952 |
f |
f |
|p dvd
|a Texas A&M University
|b College Station
|c Sterling C. Evans Library
|d Evans: Media and Reserves (Annex 1st floor)
|t 0
|e PN1992.77.O54 .O547 2010
|h Library of Congress classification
|i video -- videodisc
|m A14839346430
|
| 998 |
f |
f |
|a PN1992.77.O54 .O547 2010
|t 0
|l Evans: Media and Reserves (Annex 1st floor)
|